Signal processing : Principles and implementation

Signal Processing: Principles and Implementation, has been developed in a simple logical manner. To understand the subject, knowledge of junior level Physics and Mathematics is required. The ease of understanding is not at the cost of the rigor and depth of the subject but has been achieved by givin...

Cijeli opis

Spremljeno u:
Bibliografski detalji
Glavni autor: Narasimhan, S V.
Format: Knjiga
Jezik:Undetermined
Izdano: Harrow, U.K. Alpha Science International, Ltd 2005
Teme:
Oznake: Dodaj oznaku
Bez oznaka, Budi prvi tko označuje ovaj zapis!
Thư viện lưu trữ: Trung tâm Học liệu Trường Đại học Cần Thơ
LEADER 01107nam a2200229Ia 4500
001 CTU_152307
008 210402s9999 xx 000 0 und d
020 |c 1139000 
082 |a 621.3822 
082 |b N218 
100 |a Narasimhan, S V. 
245 0 |a Signal processing : 
245 0 |b Principles and implementation 
245 0 |c S V Narasimhan, S Veena 
260 |a Harrow, U.K. 
260 |b Alpha Science International, Ltd 
260 |c 2005 
520 |a Signal Processing: Principles and Implementation, has been developed in a simple logical manner. To understand the subject, knowledge of junior level Physics and Mathematics is required. The ease of understanding is not at the cost of the rigor and depth of the subject but has been achieved by giving all the intermediate mathematical steps involved in a derivation and by giving the physical meaning of the mathematical relations. 
650 |a Lý thuyết thông tin,Information theory 
650 |x Tạo lập dữ liệu,Data processing. 
904 |i Chuyen 
980 |a Trung tâm Học liệu Trường Đại học Cần Thơ